header

PMP (Record no. 95563)

MARC details
000 -LEADER
fixed length control field 01360nam a2200337Ia 4500
082 04 - DEWEY DECIMAL CLASSIFICATION NUMBER
Classification number 658.4/04/076
100 1# - MAIN ENTRY--AUTHOR NAME
Personal name Heldman, Kim.
245 10 - TITLE STATEMENT
Title PMP
260 ## - PUBLICATION, DISTRIBUTION, ETC. (IMPRINT)
Place of publication Alameda, CA :
Name of publisher SYBEX,
Year of publication c2002.
300 ## - PHYSICAL DESCRIPTION
Number of Pages xl, 501 p. :
Other physical details ill.
500 ## - GENERAL NOTE
General note Includes index.
General note Study guide for the Project Management Professional (PMP) exam sponsored by the Project Management Institute.
650 #0 - SUBJECT ADDED ENTRY--TOPICAL TERM
Topical Term Project management
Topical Term Management
856 40 - ELECTRONIC LOCATION AND ACCESS
Uniform Resource Identifier http://site.ebrary.com/lib/rucke/Doc?id=10152555

No items available.

© 2026 Rongo University
Contact us: librarian | system librarian | Rongo university